000 00718cab a2200217 4500
001 ABS42789
008 090401t1990 xxu||||| |||| 00| 0 eng d
035 _a(Sirsi) u38828
041 _aeng
100 _aNaftalin, B.
245 _aStandard conditions strike a balance over land sales
260 _c1990
350 _a0
490 _aEstates Times
_v(1046) 11 May 1990, 15(1)
520 _aHighlights six main points of interest regarding the new standard conditions of sale intended to replace the national conditions of sale and the Law Society `s general conditions.
650 _aContracts
_96232
650 _aSALE OF LAND
690 _aPROPERTY LAW AND PRACTICE
942 _n0
948 _c04/03/1997
999 _c24913
_d24913